000 00620 a2200193 4500
001 61725
005 20260407155907.0
008 260407a1979 arg spa d
003 AR-UNSa-BCEJYS
040 _aAR-UNSa-BCEJYS
_bspa
_cAR-UNSa-BCEJYS
080 _a340.148
_xDerecho Indiano
245 1 0 _aHistoria del derecho procesal indiano
_pTrayectoria y vicisitudes del "Cuadernillo de Gutierrez" (Existencia en Salta de un Códice de 1818)
264 1 _aSalta :
_b[s.n.]
_c1979
300 _a17 p.
_c22 cm.
041 _aspa
942 _cBK
590 _aniveau_biblio:m niveau_hierar:0
100 1 _aReimundìn, Ricardo
999 _c7377
_d7377